书目信息

书名: 60招轻松教子 
作者: 顾新佳 编著
出版信息: 北京   中国纺织出版社  2011.08
开本页数: 24cm  185页
丛书名:
单 册:
中图分类: G78
科图分类:
主题词: 家庭教育
电子资源:
ISBN: 978-7-5064-7625-6
000 00772nam0 2200241 45
001 012012001479
005 20070730180404.0
010    @a978-7-5064-7625-6@dCNY23.80
100    @a20120626d2011 em y0chiy0121 ea
101 @achi
102    @aCN@b110000
105    @ay a 000yy
106    @ar
200 @a60招轻松教子@960 zhao qing song jiao zi@f顾新佳编著
210    @a北京@c中国纺织出版社@d2011.08
215    @a185页@d24cm
320    @a有书目 (第185页)
330    @a本书从孩子的学习、性格、情商、财商、健康等多个层面来分析广大父母在教子上存在的问题,并提出科学有效的方法,让你在60招之中轻轻松松学会教子。
606 @a家庭教育
690    @aG78@v4
701  0 @a顾新佳@9gu xin jia@4编著
801  0 @aCN@bSOFMIT@c
905    @aCKNYKJZYXY@b300416385-9@dG78@e32@f5
    
    60招轻松教子/顾新佳编著.-北京:中国纺织出版社,2011.08
    185页;24cm
    
    
    ISBN 978-7-5064-7625-6:CNY23.80
    本书从孩子的学习、性格、情商、财商、健康等多个层面来分析广大父母在教子上存在的问题,并提出科学有效的方法,让你在60招之中轻轻松松学会教子。
相关链接 在五车中查询图书 在当当中查询图书 在豆瓣中查询图书


正题名:60招轻松教子     索取号:G78/32         预约/预借

序号 登录号 条形码 馆藏地/架位号 状态 备注
1 416385   300416385   海科密-1楼/20架10列5层/ [索取号:G78/32] 在馆    
2 416386   300416386   海科密-1楼/20架10列5层/ [索取号:G78/32] 在馆    
3 416387   300416387   海科密-1楼/20架10列5层/ [索取号:G78/32] 在馆    
4 416388   300416388   海科密-1楼/20架10列5层/ [索取号:G78/32] 在馆    
5 416389   300416389   海科密-1楼/20架10列5层/ [索取号:G78/32] 在馆